000 00508nam a2200181Ia 4500
005 20250326142820.0
008 250326s9999 xx 000 0 und d
037 _aTextbook
040 _aFMSL
_beng
_cFMSL
041 _aeng
_2eng
084 _aX:74.44 M4
_qFMSL
100 _aChaturvedi A
_9746646
245 0 _aCorporate values and attitudes of Indian Business
_cChaturvedi A
260 _aPune
_bPune, TRF
_c1984
300 _a85p
942 _cTB
_hX:74.44 M4
999 _c1296756
_d1296756